Odgadnij piosenkę Wane po wersach - Statystyki

Ogólne statystyki
  • Ten quiz został rozwiązany 11 razy
  • Średni wynik to 6 z 9
Statystyki odpowiedzi
Wersy Piosenki % Poprawnych
Ze mną jest biała suka, jak Pamela Jeżeli big body, no to Velar Kehlani
89%
Obiecuję, że to zrobię, no i wszystkim starczyOdkąd gdy mam nową wizję, wiem, że jestem warty Splendor
89%
Infantylne decyzje, jak mam się czuć dorosły, huh?Rozglądam się w kółko, widzę samych obcych, oh 526
78%
Ile mi dasz? W piździe mam Twój barter Na blacie ma być granit, na podłodze ma być marble Bieg
78%
​wa-wa-wane głośny w Warszawie, ale nie, nie jest ze stolicyGdy przychodzi papier, no to czuję się jak stoik Alexis Sanchez
67%
Stack gruby, cały gang jest on go Jeśli będzie trzeba, zrobię to, co nie mogą Po co?
67%
Swagonometria, a nie jest to "Barter 6" Nawet nie wiem, co jest pięć KOE-L SKYE
44%
Yeah, stój w tym samym miejscu, dość mam tych samych błędów Dość ludzi i zamętów, virale, paycheck i tak bez sensu Odegaard
44%
Bo gramy tu już cały sezon, yeah Wejdę do klubu pod jednym rygorem Nie ważne
0%
Nie znaleziono quizów pasujących do podanych kryteriów
Rozkład punktacji
Procent ludzi z każdym wynikiem
Percentyl według liczby udzielonych odpowiedzi
Twoja historia wyników
Nie rozwiązałeś tego quizu